Aranmula moonnu charithrakavyangal/ (Record no. 174531)

000 -LEADER
fixed length control field 00453nam a22001577a 4500
020 ## - INTERNATIONAL STANDARD BOOK NUMBER
ISBN 978819498417
082 ## - DEWEY DECIMAL CLASSIFICATION NUMBER
Classification number M1
Item number SRE/A
245 ## - TITLE STATEMENT
Title Aranmula moonnu charithrakavyangal/
Statement of responsibility, etc by Sreerenganathan K P (comp.)
260 ## - PUBLICATION, DISTRIBUTION, ETC. (IMPRINT)
Place of publication Aranmula:
Name of publisher Sreerenganathan Aseethy Vandana Samithy,
Year of publication 2022.
300 ## - PHYSICAL DESCRIPTION
Number of Pages 186p.
650 ## - SUBJECT ADDED ENTRY--TOPICAL TERM
Topical Term Poetry Malayalam
650 ## - SUBJECT ADDED ENTRY--TOPICAL TERM
Topical Term Literature Malayalam
650 ## - SUBJECT ADDED ENTRY--TOPICAL TERM
Topical Term Literature
700 ## - ADDED ENTRY--PERSONAL NAME
Personal name Sreerenganathan K P (comp.)
942 ## - ADDED ENTRY ELEMENTS (KOHA)
Koha item type Book
Holdings
Withdrawn status Lost status Damaged status Not for loan Permanent Location Current Location Shelving location Date acquired Cost, normal purchase price Full call number Accession Number Price effective from Koha item type
        Sree Sankaracharya University of Sanskrit Sree Sankaracharya University of Sanskrit Stacks 05.05.2023 200.00 M1 SRE/A 103352 05.05.2023 Book